000 00356nam a2200145Ia 4500
008 150201s2007 xx 000 0 und d
082 _a610
_bP07B
100 _aBALAKRISHNAN, V.
245 _aPRACTICAL GASTROENTEROLOGY
250 _a1ST
260 _bJAYPEE BROTHERS
_aDELHI
_c2007
300 _a1-402
650 _aMEDICINE AND DIAGNOSIS
942 _2ddc
_cBK
999 _c208
_d208